Daňové due diligence

Využívanie Due Diligence v praxi podniku ako hĺbkovej previerky s cieľom zvýšiť dôveryhodnosť podniku a znížiť riziko investora, obchodného partnera alebo banky v rámci obchodných transakcií.

Salvato in:
Dettagli Bibliografici
Autore principale: Zoričáková, Viera, 1960-
Natura: Capitolo di libro
Lingua:slovacco
Soggetti:
Tags: Aggiungi Tag
Nessun Tag, puoi essere il primo ad aggiungerne!!

MARC

LEADER 00000naa$a2200000$$$4500
001 0166104
005 20240502072908.4
041 0 |a slo 
044 |a SK 
245 1 0 |a Daňové due diligence  |c Viera Zoričáková 
520 |a Využívanie Due Diligence v praxi podniku ako hĺbkovej previerky s cieľom zvýšiť dôveryhodnosť podniku a znížiť riziko investora, obchodného partnera alebo banky v rámci obchodných transakcií. 
610 2 0 |a dane 
610 2 0 |a systémy daňové 
610 2 0 |a kontrola daňová 
610 2 0 |a dane z príjmov 
610 2 0 |a dane z hodnoty pridanej 
610 2 0 |a obdobie zdaňovacie 
610 2 0 |a osoby právnické 
100 1 |a Zoričáková, Viera, 1960-